Quizzes
Events
Quiz Creation
Community
Videos
Private Events
Remove Ads
Sign In
Join for FREE
Feedback
Dark Mode
Quiz Categories
Sports
Geography
Music
Movies
Television
Just For Fun
Miscellaneous
History
Literature
Language
Science
Gaming
Entertainment
Religion
Holiday
For Kids
Quiz Lab
Recent
Popular Today
Quiz Kudos Today
Editor Picks
Curator Picks
Quizzes by...
Day
Popularity
Type
Ratings
Length
Year
Community
Subscriptions
Recent Discussions
Orange Saloon
Badges
Playlists
Quests
Create
Leaderboards
Showdown
Live 5
Trivia Bingo
Activity
Puzzle Library
Sporcle Events
Private Events
Virtual Trivia
Globe League
Become a Host
Pub Owners
SporcleCon
Opinionation
Our Games
Videos
Blog
Mobile Apps
Partnerships
Remove Ads and Go Orange
Feedback
History
US Presidents
World Leaders
Politics
Nation
Discovery
War
Decade
Year
Century
Biography
Art
History
US Presidents
World Leaders
Politics
Nation
Discovery
War
Decade
Year
Century
Biography
Art
Random Quiz
Search Sporcle
×
Quiz Lab
Quiz Lab
History
Vocabulary
Type in answers that appear in a list
Type in answers that appear in a list
Classic
Best Score? Go Orange.
America Stats
Can you name the African American Studies 100 terms from America?
By
dahbofficial
5m
22 Questions
43 Plays
43 Plays
43 Plays
Comments
Comments
Give Quiz Kudos
Give Quiz Kudos
-
- Ratings
hide this ad
Replay
Link that replays current quiz
Next Quiz
Link to next quiz in quiz playlist
You Got
0%
They Got
Avg Score
19%
Avg Friend Score
Upgrade to see
Score Distribution
Jump to the score distribution portion of the page
Score
0/22
Timer
05:00
0
Plays Today
Definition
Vocabulary
% Correct
government that we have
Representative Democracy
58.1%
private control of means of production, free market
Capitalism
34.9%
massive resistance to unjust laws
Civil Rights Movement
25.6%
attempt to give everyone an opportunity at jobs and education
Affirmative Action
23.3%
slavery abolished
1865
23.3%
every great soul that has ever existed was white
White Supremacy
20.9%
1954
Brown v Board
20.9%
19th Amendment
1919
18.6%
Voting Rights Act
1965
18.6%
white man with property had right to vote
1776
16.3%
votes thrown out, over 30,000 in majority black districts
2000
16.3%
Definition
Vocabulary
% Correct
attempt to educate freed slaves, train for work
Freedman's Bureau
16.3%
3/
5ths Compromise
1787
14%
15th Amendment
1871
14%
pull out of federal troops
Compromise of 1877
14%
poll tax, grandfather clause, white primary
Disfranchisement
14%
excludes domestic and agricultural workers
Social Security Act of 1935
14%
blacks had no rights that whites had to respect
Dred Scott Case
14%
14th Amendment passed
1869
14%
end of discrimination in public accomodations
Civil Rights Bill
14%
separate but equal
Plessey v Ferguson
14%
some black men with property could vote
1800s
11.6%
Quiz Playlist
Details
Report
Send in Message
Add To Playlist
Classic:
Type in answers that appear in a list
Last Updated: Feb 16, 2017
Quiz Scoreboard
CHALLENGE
Sign Up to Join the Scoreboard
Show All
Scores
Hide
Comments
May contain spoilers
Recently Published
An Introduction to Baseball
by treessimontrees
Sports
5m
Movies - When Are They Set?
by FPL_Elf
Movies
5m
Popular People in 1961
by mucciniale
History
6m
More to Explore
Quiz From the Vault
Featured Blog Post
Where Did the Easter Bunny Come From?
hide this ad
You Might Also Like...
Tags
Africa Quiz
Definition Quiz
Vocabulary Quiz
100
African American
America
Extra
Study
Term
Today's Top Quizzes in History
Browse History
hide this ad
Today's Top Quizzes in Vocabulary
Browse Vocabulary
Top Contributed Quizzes in History
1
Popular People in 1991
2
Popular People in 1981
3
Popular People in 1951
4
Popular People in 1941
5
Popular People in 1986
6
Popular People in 1976
7
Popular People in 1921
8
I Am Born On March 28th
9
Popular People in 1946
10
Popular People in 1936
Explore More
Trending Topics
NBA
Anime
Kpop
Crossword
Marvel
Disney
Harry Potter
Song
Puzzle
Country
Pokémon
Soccer
NFL
WWE
The Office
hide this ad
More By:
dahbofficial
Quiz
Plays
Rating
Category
Featured
Created
Finish The Lyric
278
1.67
Music
Nov 17, 2009
Guess The City From The emcees
94
1.25
Music
Dec 11, 2009
Do You Know the Bands?
63
1.67
Music
Dec 11, 2009
America
43
1.00
History
Dec 12, 2009
Confronting the Colorline
26
History
Dec 14, 2009
Go to Creator's Profile
Score Distribution
Quiz Creator Spotlight
dahbofficial
Follow
Send a Message
Quizzes Created
-
Created Quiz Play Count
-
More By This Creator
Popular Quizzes Today
1
Find the Countries of Europe - No Outlines Minefield
2
Find the US States - No Outlines Minefield
3
The Countries of the World
4
Popular People in 1961
5
US States
6
Find the US States
7
1-10 Letter E Words III
8
Risky Map Clicking: Biggest States A-Z
More History Quizzes
Monarchs of England & the UK in Reverse
Quiz Lab
Trending Quizzes
Risky Map Clicking: Least Populous States A-Z
1-10 Letter F Words
1-10 Letter G Words
Not Quite an Element Typing Challenge
One Thing in Common: United Kingdom
Recently Updated
Leaping Animals
pecheneg
Reality TV Shows (A-Z)
bhenderson79
Rickey Henderson's Hall of Fame Teammates
pecheneg
Champions League XIs: Arsenal
pecheneg
Quick Pick: Celebrities in WWE's Hall of Fame
aduchscher
A-Z Keypad Blitz II
pecheneg
Multiple Oscar Actors
pecheneg
Mystery Phrase Blitz: Oscar 'Best Actors'
pecheneg
F. Scott Fitzgerald Novels
LTH
Pick 3 Villains
ddd62291
Trending Topics
Harry Potter
Anime
Crossword
Disney
NBA
Marvel
Kpop
Song
The Office
NFL
Puzzle
WWE
Country
Pokémon
Soccer
Your Account Isn't Verified!
In order to create a playlist on Sporcle, you need to verify the email address you used during registration. Go to your
Sporcle Settings
to finish the process.
Report this User
Report this user for behavior that violates our
Community Guidelines
.
Details:
Send Report
Go to the Sporcle.com Mobile Site →
Comments